<?xml version="1.0" encoding="UTF-8"?>
<record
    xmlns:xsi="http://www.w3.org/2001/XMLSchema-instance"
    xsi:schemaLocation="http://www.loc.gov/MARC21/slim http://www.loc.gov/standards/marcxml/schema/MARC21slim.xsd"
    xmlns="http://www.loc.gov/MARC21/slim">

  <leader>01705nam a22003137a 4500</leader>
  <datafield tag="999" ind1=" " ind2=" ">
    <subfield code="c">26817</subfield>
    <subfield code="d">26817</subfield>
  </datafield>
  <controlfield tag="005">20200316145648.0</controlfield>
  <datafield tag="010" ind1=" " ind2=" ">
    <subfield code="a">B-327598-609</subfield>
  </datafield>
  <datafield tag="020" ind1=" " ind2=" ">
    <subfield code="a">8189369555(V.I)</subfield>
    <subfield code="c">360.00 (each V.)</subfield>
  </datafield>
  <datafield tag="020" ind1=" " ind2=" ">
    <subfield code="a">8189369563(V.II)</subfield>
    <subfield code="c">360.00 (each V.)</subfield>
  </datafield>
  <datafield tag="020" ind1=" " ind2=" ">
    <subfield code="a">8189369571(V.III)</subfield>
    <subfield code="c">360.00 (each V)</subfield>
  </datafield>
  <datafield tag="020" ind1=" " ind2=" ">
    <subfield code="a">818936958X(V.IV)</subfield>
    <subfield code="c">360.00 (each V.)</subfield>
  </datafield>
  <datafield tag="035" ind1=" " ind2=" ">
    <subfield code="a">B-327598-600 (V.I)</subfield>
  </datafield>
  <datafield tag="035" ind1=" " ind2=" ">
    <subfield code="a">B-327601-603 (V.II)</subfield>
  </datafield>
  <datafield tag="035" ind1=" " ind2=" ">
    <subfield code="a">B-327604-606 (V. III)</subfield>
  </datafield>
  <datafield tag="035" ind1=" " ind2=" ">
    <subfield code="a">B-327607-609 (V.IV)</subfield>
  </datafield>
  <datafield tag="037" ind1=" " ind2=" ">
    <subfield code="b">&#x622;&#x6C1;&#x644;&#x648;&#x648;&#x627;&#x644;&#x64A;&#x6C1; &#x628;&#x6A9;&#x688;&#x67E;&#x648;</subfield>
  </datafield>
  <datafield tag="082" ind1=" " ind2=" ">
    <subfield code="a">&#x646;</subfield>
  </datafield>
  <datafield tag="100" ind1=" " ind2=" ">
    <subfield code="a">&#x635;&#x62F;&#x651;&#x64A;&#x642;&#x6CC; &#x60C; &#x627;&#x646;&#x648;&#x627;&#x631;</subfield>
  </datafield>
  <datafield tag="245" ind1=" " ind2=" ">
    <subfield code="a">&#x627;&#x645;&#x628;&#x631; &#x628;&#x64A;&#x644; /</subfield>
    <subfield code="c">&#x627;&#x646;&#x648;&#x627;&#x631; &#x635;&#x62F;&#x651;&#x64A;&#x642;&#x6CC;</subfield>
  </datafield>
  <datafield tag="246" ind1=" " ind2=" ">
    <subfield code="a">Ambarbel /</subfield>
    <subfield code="b">by Anwar Siddiqui</subfield>
  </datafield>
  <datafield tag="260" ind1=" " ind2=" ">
    <subfield code="a">&#x62F;&#x644;&#x651;&#x6CC;</subfield>
    <subfield code="b">&#x6A9;&#x62A;&#x627;&#x628; &#x648;&#x627;&#x644;&#x627;</subfield>
    <subfield code="c">2008 &#x621;</subfield>
  </datafield>
  <datafield tag="270" ind1=" " ind2=" ">
    <subfield code="a">2794, Gali Jhot Wali, Pahari Bhojla</subfield>
    <subfield code="b">Delhi</subfield>
    <subfield code="e">110006</subfield>
    <subfield code="k">23281499,23240379,9810277298</subfield>
  </datafield>
  <datafield tag="300" ind1=" " ind2=" ">
    <subfield code="a">4V.(400,408,400,384)p.</subfield>
    <subfield code="c">19cm(Hb)</subfield>
  </datafield>
  <datafield tag="942" ind1=" " ind2=" ">
    <subfield code="2">ddc</subfield>
    <subfield code="c">UR</subfield>
    <subfield code="h">&#x646;</subfield>
    <subfield code="m">&#x635; &#x62F; &#x6CC;</subfield>
  </datafield>
  <datafield tag="952" ind1=" " ind2=" ">
    <subfield code="0">0</subfield>
    <subfield code="1">0</subfield>
    <subfield code="2">ddc</subfield>
    <subfield code="3">v.1</subfield>
    <subfield code="4">0</subfield>
    <subfield code="7">0</subfield>
    <subfield code="8">FIC</subfield>
    <subfield code="a">L</subfield>
    <subfield code="b">L</subfield>
    <subfield code="d">2009-05-26</subfield>
    <subfield code="e">Ahluwalia Book Depot /194/08/21.03.09/4:25/13.03.09/09.04.09</subfield>
    <subfield code="g">360.00</subfield>
    <subfield code="l">2</subfield>
    <subfield code="o">&#x646; &#x635; &#x62F; &#x6CC;</subfield>
    <subfield code="p">B-327598</subfield>
    <subfield code="r">2018-12-10 00:00:00</subfield>
    <subfield code="s">2018-12-01</subfield>
    <subfield code="t">1</subfield>
    <subfield code="v">360.00</subfield>
    <subfield code="w">2009-05-26</subfield>
    <subfield code="y">UR</subfield>
    <subfield code="z">v.1</subfield>
  </datafield>
  <datafield tag="952" ind1=" " ind2=" ">
    <subfield code="0">0</subfield>
    <subfield code="1">0</subfield>
    <subfield code="2">ddc</subfield>
    <subfield code="3">v.1</subfield>
    <subfield code="4">0</subfield>
    <subfield code="7">0</subfield>
    <subfield code="8">FIC</subfield>
    <subfield code="a">SP</subfield>
    <subfield code="b">SP</subfield>
    <subfield code="d">2009-05-26</subfield>
    <subfield code="e">Ahluwalia Book Depot /194/08/21.03.09/4:25/13.03.09/09.04.09</subfield>
    <subfield code="g">360.00</subfield>
    <subfield code="l">0</subfield>
    <subfield code="o">&#x646; &#x635; &#x62F; &#x6CC;</subfield>
    <subfield code="p">B-327599</subfield>
    <subfield code="r">2009-05-26 00:00:00</subfield>
    <subfield code="t">1</subfield>
    <subfield code="v">360.00</subfield>
    <subfield code="w">2009-05-26</subfield>
    <subfield code="y">UR</subfield>
    <subfield code="z">v.1</subfield>
  </datafield>
  <datafield tag="952" ind1=" " ind2=" ">
    <subfield code="0">0</subfield>
    <subfield code="1">0</subfield>
    <subfield code="2">ddc</subfield>
    <subfield code="3">v.1</subfield>
    <subfield code="4">0</subfield>
    <subfield code="7">0</subfield>
    <subfield code="8">FIC</subfield>
    <subfield code="a">RC4</subfield>
    <subfield code="b">RC4</subfield>
    <subfield code="d">2009-05-26</subfield>
    <subfield code="e">Ahluwalia Book Depot /194/08/21.03.09/4:25/13.03.09/09.04.09</subfield>
    <subfield code="g">360.00</subfield>
    <subfield code="l">0</subfield>
    <subfield code="o">&#x646; &#x635; &#x62F; &#x6CC;</subfield>
    <subfield code="p">B-327600</subfield>
    <subfield code="r">2009-05-26 00:00:00</subfield>
    <subfield code="t">1</subfield>
    <subfield code="v">360.00</subfield>
    <subfield code="w">2009-05-26</subfield>
    <subfield code="y">UR</subfield>
    <subfield code="z">v.1</subfield>
  </datafield>
  <datafield tag="952" ind1=" " ind2=" ">
    <subfield code="0">0</subfield>
    <subfield code="1">0</subfield>
    <subfield code="2">ddc</subfield>
    <subfield code="3">v.2</subfield>
    <subfield code="4">0</subfield>
    <subfield code="7">0</subfield>
    <subfield code="8">FIC</subfield>
    <subfield code="a">L</subfield>
    <subfield code="b">L</subfield>
    <subfield code="d">2009-05-26</subfield>
    <subfield code="e">Ahluwalia Book Depot /194/08/21.03.09/4:25/13.03.09/09.04.09</subfield>
    <subfield code="g">360.00</subfield>
    <subfield code="l">2</subfield>
    <subfield code="o">&#x646; &#x635; &#x62F; &#x6CC;</subfield>
    <subfield code="p">B-327601</subfield>
    <subfield code="r">2018-12-10 00:00:00</subfield>
    <subfield code="s">2018-12-01</subfield>
    <subfield code="t">1</subfield>
    <subfield code="v">360.00</subfield>
    <subfield code="w">2009-05-26</subfield>
    <subfield code="y">UR</subfield>
    <subfield code="z">v.2</subfield>
  </datafield>
  <datafield tag="952" ind1=" " ind2=" ">
    <subfield code="0">0</subfield>
    <subfield code="1">5</subfield>
    <subfield code="2">ddc</subfield>
    <subfield code="3">v.2</subfield>
    <subfield code="4">0</subfield>
    <subfield code="7">0</subfield>
    <subfield code="8">FIC</subfield>
    <subfield code="a">SP</subfield>
    <subfield code="b">SP</subfield>
    <subfield code="d">2009-05-26</subfield>
    <subfield code="e">Ahluwalia Book Depot /194/08/21.03.09/4:25/13.03.09/09.04.09</subfield>
    <subfield code="g">360.00</subfield>
    <subfield code="l">0</subfield>
    <subfield code="o">&#x646; &#x635; &#x62F; &#x6CC;</subfield>
    <subfield code="p">B-327602</subfield>
    <subfield code="r">2009-05-26 00:00:00</subfield>
    <subfield code="t">1</subfield>
    <subfield code="v">360.00</subfield>
    <subfield code="y">UR</subfield>
    <subfield code="z">v.2</subfield>
  </datafield>
  <datafield tag="952" ind1=" " ind2=" ">
    <subfield code="0">0</subfield>
    <subfield code="1">0</subfield>
    <subfield code="2">ddc</subfield>
    <subfield code="3">v.2</subfield>
    <subfield code="4">0</subfield>
    <subfield code="7">0</subfield>
    <subfield code="8">FIC</subfield>
    <subfield code="a">RC4</subfield>
    <subfield code="b">RC4</subfield>
    <subfield code="d">2009-05-26</subfield>
    <subfield code="e">Ahluwalia Book Depot /194/08/21.03.09/4:25/13.03.09/09.04.09</subfield>
    <subfield code="g">360.00</subfield>
    <subfield code="l">0</subfield>
    <subfield code="o">&#x646; &#x635; &#x62F; &#x6CC;</subfield>
    <subfield code="p">B-327603</subfield>
    <subfield code="r">2009-05-26 00:00:00</subfield>
    <subfield code="t">1</subfield>
    <subfield code="v">360.00</subfield>
    <subfield code="w">2009-05-26</subfield>
    <subfield code="y">UR</subfield>
    <subfield code="z">v.2</subfield>
  </datafield>
  <datafield tag="952" ind1=" " ind2=" ">
    <subfield code="0">1</subfield>
    <subfield code="1">0</subfield>
    <subfield code="2">ddc</subfield>
    <subfield code="3">v.3</subfield>
    <subfield code="4">0</subfield>
    <subfield code="7">0</subfield>
    <subfield code="8">FIC</subfield>
    <subfield code="a">L</subfield>
    <subfield code="b">L</subfield>
    <subfield code="d">2009-05-26</subfield>
    <subfield code="e">Ahluwalia Book Depot /194/08/21.03.09/4:25/13.03.09/09.04.09</subfield>
    <subfield code="g">360.00</subfield>
    <subfield code="l">0</subfield>
    <subfield code="o">&#x646; &#x635; &#x62F; &#x6CC;</subfield>
    <subfield code="p">B-327604</subfield>
    <subfield code="r">2009-05-26 00:00:00</subfield>
    <subfield code="t">1</subfield>
    <subfield code="v">360.00</subfield>
    <subfield code="w">2009-05-26</subfield>
    <subfield code="y">UR</subfield>
    <subfield code="z">v.3</subfield>
  </datafield>
  <datafield tag="952" ind1=" " ind2=" ">
    <subfield code="0">0</subfield>
    <subfield code="1">0</subfield>
    <subfield code="2">ddc</subfield>
    <subfield code="3">v.3</subfield>
    <subfield code="4">0</subfield>
    <subfield code="7">0</subfield>
    <subfield code="8">FIC</subfield>
    <subfield code="a">SP</subfield>
    <subfield code="b">SP</subfield>
    <subfield code="d">2009-05-26</subfield>
    <subfield code="e">Ahluwalia Book Depot /194/08/21.03.09/4:25/13.03.09/09.04.09</subfield>
    <subfield code="g">360.00</subfield>
    <subfield code="l">0</subfield>
    <subfield code="o">&#x646; &#x635; &#x62F; &#x6CC;</subfield>
    <subfield code="p">B-327605</subfield>
    <subfield code="r">2009-05-26 00:00:00</subfield>
    <subfield code="t">1</subfield>
    <subfield code="v">360.00</subfield>
    <subfield code="w">2009-05-26</subfield>
    <subfield code="y">UR</subfield>
    <subfield code="z">v.3</subfield>
  </datafield>
  <datafield tag="952" ind1=" " ind2=" ">
    <subfield code="0">0</subfield>
    <subfield code="1">0</subfield>
    <subfield code="2">ddc</subfield>
    <subfield code="3">v.3</subfield>
    <subfield code="4">0</subfield>
    <subfield code="7">0</subfield>
    <subfield code="8">FIC</subfield>
    <subfield code="a">RC4</subfield>
    <subfield code="b">RC4</subfield>
    <subfield code="d">2009-05-26</subfield>
    <subfield code="e">Ahluwalia Book Depot /194/08/21.03.09/4:25/13.03.09/09.04.09</subfield>
    <subfield code="g">360.00</subfield>
    <subfield code="l">0</subfield>
    <subfield code="o">&#x646; &#x635; &#x62F; &#x6CC;</subfield>
    <subfield code="p">B-327606</subfield>
    <subfield code="r">2009-05-26 00:00:00</subfield>
    <subfield code="t">1</subfield>
    <subfield code="v">360.00</subfield>
    <subfield code="w">2009-05-26</subfield>
    <subfield code="y">UR</subfield>
    <subfield code="z">v.3</subfield>
  </datafield>
  <datafield tag="952" ind1=" " ind2=" ">
    <subfield code="0">1</subfield>
    <subfield code="1">0</subfield>
    <subfield code="2">ddc</subfield>
    <subfield code="3">v.4</subfield>
    <subfield code="4">0</subfield>
    <subfield code="7">0</subfield>
    <subfield code="8">FIC</subfield>
    <subfield code="a">L</subfield>
    <subfield code="b">L</subfield>
    <subfield code="d">2009-05-26</subfield>
    <subfield code="e">Ahluwalia Book Depot /194/08/21.03.09/4:25/13.03.09/09.04.09</subfield>
    <subfield code="g">360.00</subfield>
    <subfield code="l">0</subfield>
    <subfield code="o">&#x646; &#x635; &#x62F; &#x6CC;</subfield>
    <subfield code="p">B-327607</subfield>
    <subfield code="r">2009-05-26 00:00:00</subfield>
    <subfield code="t">1</subfield>
    <subfield code="v">360.00</subfield>
    <subfield code="w">2009-05-26</subfield>
    <subfield code="y">UR</subfield>
    <subfield code="z">v.4</subfield>
  </datafield>
  <datafield tag="952" ind1=" " ind2=" ">
    <subfield code="0">0</subfield>
    <subfield code="1">0</subfield>
    <subfield code="2">ddc</subfield>
    <subfield code="3">v.4</subfield>
    <subfield code="4">0</subfield>
    <subfield code="7">0</subfield>
    <subfield code="8">FIC</subfield>
    <subfield code="a">SP</subfield>
    <subfield code="b">SP</subfield>
    <subfield code="d">2009-05-26</subfield>
    <subfield code="e">Ahluwalia Book Depot /194/08/21.03.09/4:25/13.03.09/09.04.09</subfield>
    <subfield code="g">360.00</subfield>
    <subfield code="l">0</subfield>
    <subfield code="o">&#x646; &#x635; &#x62F; &#x6CC;</subfield>
    <subfield code="p">B-327608</subfield>
    <subfield code="r">2009-05-26 00:00:00</subfield>
    <subfield code="t">1</subfield>
    <subfield code="v">360.00</subfield>
    <subfield code="w">2009-05-26</subfield>
    <subfield code="y">UR</subfield>
    <subfield code="z">v.4</subfield>
  </datafield>
  <datafield tag="952" ind1=" " ind2=" ">
    <subfield code="0">0</subfield>
    <subfield code="1">0</subfield>
    <subfield code="2">ddc</subfield>
    <subfield code="3">v.4</subfield>
    <subfield code="4">0</subfield>
    <subfield code="7">0</subfield>
    <subfield code="8">FIC</subfield>
    <subfield code="a">RC4</subfield>
    <subfield code="b">RC4</subfield>
    <subfield code="d">2009-05-26</subfield>
    <subfield code="e">Ahluwalia Book Depot /194/08/21.03.09/4:25/13.03.09/09.04.09</subfield>
    <subfield code="g">360.00</subfield>
    <subfield code="l">0</subfield>
    <subfield code="o">&#x646; &#x635; &#x62F; &#x6CC;</subfield>
    <subfield code="p">B-327609</subfield>
    <subfield code="r">2009-05-26 00:00:00</subfield>
    <subfield code="t">1</subfield>
    <subfield code="v">360.00</subfield>
    <subfield code="w">2009-05-26</subfield>
    <subfield code="y">UR</subfield>
    <subfield code="z">v.4</subfield>
  </datafield>
</record>
